[Event "Red Bull Chess Masters 2018"]
[Site "Istanbul"]
[Date "2018.10.20"]
[Round "3.2"]
[White "Aliakbarov, Anar"]
[Black "Gokerkan, Cem Kaan"]
[Result "0-1"]
[WhiteElo "2281"]
[BlackElo "2420"]
[Annotator "TA"]
[PlyCount "80"]
[EventDate "2018.10.19"]
[EventType "team-tourn"]
[EventCountry "TUR"]
[SourceTitle "playchess.com"]
[Source "ChessBase"]
[SourceQuality "1"]

{[%evp 24,80,61,23,97,60,53,39,47,45,47,44,54,55,76,86,104,92,111,8,154,158,82,0,117,-15,-12,-8,86,-34,-31,-44,-35,-60,-54,-56,-37,-59,-45,-29,-10,-36,-20,-118,-109,-78,650,655,755,766,733,721,29977,6945,29990,29991,29992,29993,29993]} 1. d4 Nf6 2. c4 g6 3. Nc3 Bg7 4. e4 d6 5. Nf3 {[%cal Bg1f3,Bf3e1,Be1d3,Bd3f2][%mdl 32]} O-O 6. Be2 e5 7. O-O Nc6 8. d5 Ne7 9. Ne1 Nd7 10. Nd3 f5 11. Bd2 Nf6 12. f3 Rf7 {E99: Königsindisch (Klassisches System)} (12... f4 13. Rc1 g5 14. c5 Ng6 15. Kh1 Rf7 16. Rg1 Bf8 17. g3 Rg7 18. cxd6 cxd6 19. gxf4 gxf4 20. Bf1 Bd7 21. Be1 Kh8 22. Qb3 Nh5 {1-0 (54) So,W (2780)-Grischuk,A (2766) Saint Louis 2018}) 13. c5 {LiveBook: 3 Partien} Bf8 (13... c6 $11) 14. cxd6 cxd6 {Weiß steht etwas besser.} 15. Nf2 f4 16. Qc2 $146 ({Vorgänger:} 16. a4 g5 17. h3 Ng6 18. Rc1 h5 19. Nb5 a6 20. Na3 {1-0 (42) Lorusso,G (1708)-Agnelli,F (2146) Bergamo 2002}) 16... g5 17. Nb5 Ng6 18. Rfc1 $36 {[%mdl 2048] Schwarz steht unter Druck.} Bd7 19. Qc7 a6 20. Qxd8 Rxd8 21. Ba5 (21. Na3 $16) 21... Bxb5 (21... b6 $1 $11 22. Bxb6 Rb8) 22. Bxd8 $16 {[#] Lxb5 ist eine echte Drohung.} ({Schwächer ist} 22. Bxb5 b6 $17) 22... Bxe2 23. a4 (23. Bxf6 $16 Rxf6 24. Rc2) 23... a5 (23... g4 $11 {hält das Gleichgewicht.} 24. Bxf6 gxf3) 24. Bxa5 (24. Rc2 $16 Ba6 25. Bxa5) 24... g4 $11 25. fxg4 f3 (25... Nxg4 $11 {bleibt in der Remisbreite.} 26. Nxg4 Bxg4) 26. g3 (26. g5 $16) 26... Bh6 $15 27. Rc8+ Rf8 $1 {[%cal Rf8c8]} 28. Rxf8+ Nxf8 29. Ra3 $1 Bc1 30. Rb3 N8d7 {[#] Droht stark ...Sc5.} 31. Bb4 Nc5 32. Bxc5 $1 dxc5 33. Rb6 ({Vergiftet wäre} 33. Rxb7 $2 Be3 $17) (33. a5 $1 $11 {war der einzige Weg, das Gleichgewicht zu behalten.}) 33... Kf7 $17 {Und ...Le3 würde nun gewinnen.} 34. Rxb7+ Kg6 $2 {[%mdl 8192]} (34... Kf8 $17 35. Rb6 Kf7 36. Rb7+ Kf8) 35. d6 $18 c4 36. h4 Be3 37. d7 Bxf2+ 38. Kxf2 {Weiss droht h5+ und Matt.} Nxg4+ 39. Ke1 Bd3 40. d8=Q {[%csl Gh4][%cal Rd8g5]} f2+ {[%mdl 32768] Precision: Weiß = 42%, Schwarz = 31%. . Loss on Time!?} 0-1

[Event "Red Bull Chess Masters 2018"]
[Site "Istanbul"]
[Date "2018.10.20"]
[Round "3.2"]
[White "Karaokcu, Erkin"]
[Black "Aydincelebi, Kagan"]
[Result "0-1"]
[WhiteElo "2256"]
[BlackElo "2193"]
[Annotator "NA"]
[PlyCount "80"]
[EventDate "2018.10.19"]
[EventType "team-tourn"]
[EventCountry "TUR"]
[SourceTitle "playchess.com"]
[Source "ChessBase"]
[SourceQuality "1"]
[TimeControl "600+5"]

1. d4 {[%emt 0:00:05]} Nf6 {[%emt 0:00:05]} 2. c4 {[%emt 0:00:05]} c5 {[%emt 0:00:05]} 3. d5 {[%emt 0:00:05]} e6 {[%emt 0:00:05]} 4. Nc3 {[%emt 0:00:05]} exd5 {[%emt 0:00:05]} 5. cxd5 {[%emt 0:00:05]} d6 {[%emt 0:00:05]} 6. Nf3 {[%emt 0:00:05]} g6 {[%emt 0:00:05]} 7. g3 {[%emt 0:00:05]} Bg7 {[%emt 0:00:05]} 8. Bg2 {[%emt 0:00:05]} O-O {[%emt 0:00:05]} 9. O-O {[%emt 0:00:05]} Na6 {[%emt 0:00:05]} 10. Bf4 {[%emt 0:00:11]} Nc7 {[%emt 0:00:00]} 11. a4 {[%emt 0:00:19]} Re8 {[%emt 0:00:00] A62: Benoni (mit 7.g3)} 12. Re1 {[%emt 0:00:03]} Ne4 {[%emt 0:00:39]} 13. Qb3 {[%emt 0:01:10]} (13. Nxe4 Rxe4 14. Bg5 Qf8 15. Nd2 Rb4 16. b3 h6 17. Bf4 g5 18. Be3 Bxa1 19. Qxa1 {1-0 (85) Ni,H (2646)-Yu,Y (2675) Danzhou 2013}) 13... b6 {[%emt 0:00:59]} 14. Rad1 $146 {[%emt 0:01:36]} ({Vorgänger:} 14. h3 Ba6 15. Ra2 c4 16. Qa3 Nxc3 17. bxc3 Nxd5 18. Bg5 Qd7 19. Nd4 {½-½ (46) Lavrov,S (2010)-Arishin,S (2183) Tomsk 2012}) 14... Ba6 {[%emt 0:00:09]} 15. Nb5 {[%emt 0:00:37]} Bxb5 {[%emt 0:00:14]} 16. axb5 {[%emt 0:00:05]} Qd7 {[%emt 0:00:04]} 17. Nd2 {[%emt 0:00:13]} Nxd2 {[%emt 0:00:04]} 18. Rxd2 {[%emt 0:00:05]} Nxb5 {[%emt 0:00:05]} 19. Bh3 {[%emt 0:01:17]} f5 {[%emt 0:01:38]} 20. e4 {[%emt 0:01:13]} Nd4 {[%emt 0:00:05]} 21. Qd1 {[%emt 0:00:11]} Qc7 {[%emt 0:01:09]} 22. Rxd4 {[%emt 0:00:17]} Bxd4 {[%emt 0:00:05]} 23. exf5 {[%emt 0:00:08]} Rxe1+ {[%emt 0:00:59]} 24. Qxe1 {[%emt 0:00:05]} Qd7 {[%emt 0:00:09]} 25. Kg2 {[%emt 0:02:40]} gxf5 {[%emt 0:00:20]} 26. Qe2 {[%emt 0:00:19]} Rf8 {[%emt 0:00:19]} 27. Qf3 {[%emt 0:00:28]} Kh8 {[%emt 0:00:13]} 28. b3 {[%emt 0:00:08]} b5 $19 {[%emt 0:00:09]} 29. Bd2 {[%emt 0:00:11]} b4 {[%emt 0:00:42]} 30. g4 {[%emt 0:00:09]} f4 {[%emt 0:00:32]} 31. Qe4 {[%emt 0:00:17]} f3+ {[%emt 0:00:14]} 32. Kg1 {[%emt 0:00:05]} Qg7 {[%emt 0:00:14]} 33. Bf1 {[%emt 0:00:03]} a5 {[%emt 0:00:22]} 34. Bd3 {[%emt 0:00:02]} Qg6 {[%emt 0:00:40]} 35. Qxg6 {[%emt 0:00:14]} hxg6 {[%emt 0:00:05]} 36. Bxg6 {[%emt 0:00:00]} Bc3 {[%emt 0:00:32]} 37. Be3 {[%emt 0:00:04]} c4 {[%emt 0:00:05]} 38. bxc4 {[%emt 0:00:05]} a4 {[%emt 0:00:05]} 39. c5 {[%emt 0:00:05]} a3 {[%emt 0:00:05]} 40. Bb1 {[%emt 0:00:12]} b3 {[%emt 0:00:10]} 0-1

[Event "Red Bull Chess Masters 2018"]
[Site "Istanbul"]
[Date "2018.10.20"]
[Round "3.2"]
[White "Gunduz, Umut Erdem"]
[Black "Sevgi, Volkan"]
[Result "1/2-1/2"]
[WhiteElo "2205"]
[BlackElo "2296"]
[Annotator "NA"]
[PlyCount "101"]
[EventDate "2018.10.19"]
[EventType "team-tourn"]
[EventCountry "TUR"]
[SourceTitle "playchess.com"]
[Source "ChessBase"]
[SourceQuality "1"]
[TimeControl "600+5"]

1. e4 {[%emt 0:00:02]} c5 {[%emt 0:00:17]} 2. Nf3 {[%emt 0:00:05]} Nc6 {[%emt 0:00:05]} 3. d4 {[%emt 0:00:05]} cxd4 {[%emt 0:00:05]} 4. Nxd4 {[%emt 0:00:05]} e5 {[%emt 0:00:05]} 5. Nb5 {[%emt 0:00:05]} d6 {[%emt 0:00:05]} 6. N1c3 {[%emt 0:00:05]} a6 {[%emt 0:00:05]} 7. Na3 {[%emt 0:00:05]} b5 {[%emt 0:00:05]} 8. Nd5 {[%emt 0:00:05]} Nf6 {[%emt 0:00:05]} 9. Bg5 {[%emt 0:00:00]} Be7 {[%emt 0:00:00]} 10. Bxf6 {[%emt 0:00:00]} Bxf6 {[%emt 0:00:00]} 11. c4 {[%emt 0:00:02]} b4 {[%emt 0:00:05]} 12. Nc2 {[%emt 0:00:00]} Rb8 {[%emt 0:00:08]} 13. b3 {[%emt 0:00:08]} O-O {[%emt 0:00:04]} 14. Be2 {[%emt 0:00:40]} Bg5 {[%emt 0:00:05]} 15. O-O {[%emt 0:00:02]} Be6 {[%emt 0:00:09]} 16. Qd3 {[%emt 0:00:00] B33: Sizilianisch (Lasker/Pelikan/Sweschnikow-Variante)} Bh6 {[%emt 0:01:13]} (16... a5 17. Rad1 Kh8 18. f4 exf4 19. Nxf4 {½-½ (31) Muzychuk,A (2566)-Saric,I (2637) Wijk aan Zee 2014}) 17. a3 $146 {[%emt 0:00:05]} ({Vorgänger:} 17. Rad1 Rb7 18. h3 Kh8 19. Bg4 a5 20. Nde3 Bxe3 21. Qxe3 Nd4 22. Nxd4 exd4 23. Rxd4 f5 24. exf5 Bxf5 25. Bxf5 Rxf5 {1-0 (36) Baranowski,T (2491)-Zawadka,Z (2210) ICCF email 2010}) 17... bxa3 {[%emt 0:00:05]} 18. Rxa3 {[%emt 0:00:02]} a5 {[%emt 0:00:01]} 19. Rd1 {[%emt 0:00:18]} Kh8 {[%emt 0:00:18]} 20. Nde3 {[%emt 0:00:07]} Bxe3 {[%emt 0:00:23]} 21. Qxe3 {[%emt 0:00:08]} Qc7 {[%emt 0:00:31]} 22. Bf3 {[%emt 0:00:44]} Rfd8 {[%emt 0:00:20]} 23. g3 {[%emt 0:00:32]} Kg8 {[%emt 0:00:28]} 24. h4 {[%emt 0:00:07]} f6 {[%emt 0:00:15]} 25. Qe2 {[%emt 0:00:23]} Qb6 {[%emt 0:00:09]} 26. Bg4 {[%emt 0:00:05]} Bf7 {[%emt 0:00:00]} 27. h5 {[%emt 0:00:32]} h6 {[%emt 0:00:31]} 28. Kg2 {[%emt 0:00:11]} Qc5 {[%emt 0:00:06]} 29. Qd3 {[%emt 0:02:32]} Rb7 {[%emt 0:00:18]} 30. Rda1 {[%emt 0:00:31]} Rdb8 {[%emt 0:00:16]} 31. Be2 {[%emt 0:01:05]} Be6 {[%emt 0:00:19]} 32. Ne3 {[%emt 0:00:21]} Qd4 {[%emt 0:01:02]} 33. Rd1 $11 {[%emt 0:01:28]} Kf8 {[%emt 0:01:00]} 34. Nd5 {[%emt 0:01:02]} Qxd3 {[%emt 0:01:04]} 35. Rxd3 {[%emt 0:00:07]} Ra7 {[%emt 0:00:22]} 36. Bd1 {[%emt 0:00:29]} Bxd5 {[%emt 0:00:24]} 37. Rxd5 {[%emt 0:00:07]} Ke7 {[%emt 0:00:03]} 38. Kf1 {[%emt 0:00:31]} Rb4 {[%emt 0:00:18]} 39. Ke1 {[%emt 0:00:08]} Rb8 {[%emt 0:01:11]} 40. Kd2 {[%emt 0:00:05]} Rba8 {[%emt 0:00:05]} 41. Kc3 {[%emt 0:00:04]} Nd4 {[%emt 0:00:17]} 42. Bc2 {[%emt 0:00:09]} Kd7 {[%emt 0:00:09]} 43. Bd1 {[%emt 0:00:10]} Kc6 {[%emt 0:00:05]} 44. Bc2 {[%emt 0:00:01]} Ne6 {[%emt 0:00:17]} 45. Bd1 {[%emt 0:00:05]} Nc7 {[%emt 0:00:05]} 46. Rd2 {[%emt 0:00:05]} Ne6 {[%emt 0:00:01]} 47. Rd5 {[%emt 0:00:00]} Nc5 {[%emt 0:00:05]} 48. Bc2 {[%emt 0:00:04]} Ne6 {[%emt 0:00:05]} 49. Bd1 {[%emt 0:00:05]} Nc5 {[%emt 0:00:05]} 50. Bc2 {[%emt 0:00:05]} Ne6 {[%emt 0:00:05]} 51. Bd1 {[%emt 0:00:00]} 1/2-1/2

[Event "Red Bull Chess Masters 2018"]
[Site "Istanbul"]
[Date "2018.10.20"]
[Round "3.2"]
[White "Dogan, Ali Ekber"]
[Black "Ozsakallioglu, Okan"]
[Result "1-0"]
[WhiteElo "2200"]
[BlackElo "2050"]
[Annotator "NA"]
[PlyCount "77"]
[EventDate "2018.10.19"]
[EventType "team-tourn"]
[EventCountry "TUR"]
[SourceTitle "playchess.com"]
[Source "ChessBase"]
[SourceQuality "1"]
[TimeControl "600+5"]

1. d4 {[%emt 0:00:05]} Nf6 {[%emt 0:00:05]} 2. c4 {[%emt 0:00:05]} e6 {[%emt 0:00:05]} 3. g3 {[%emt 0:00:05]} b6 {[%emt 0:00:05]} 4. Bg2 {[%emt 0:00:05]} c6 {[%emt 0:00:00]} 5. Nf3 {[%emt 0:00:00]} d5 {[%emt 0:00:00]} 6. O-O {[%emt 0:00:08]} Be7 {[%emt 0:00:00]} 7. Qc2 {[%emt 0:00:05]} O-O {[%emt 0:00:00]} 8. b3 {[%emt 0:00:05]} Bb7 {[%emt 0:00:00]} 9. Nc3 {[%emt 0:00:23]} c5 {[%emt 0:00:20] E06: Closed Catalan: Early deviations} 10. dxc5 {[%emt 0:00:30]} bxc5 {[%emt 0:01:27]} 11. cxd5 {[%emt 0:00:37]} exd5 {[%emt 0:00:05]} 12. Rd1 $146 {[%emt 0:00:05]} ({Predecessor:} 12. Bb2 Nbd7 13. Rfd1 d4 14. Nb1 Re8 15. Nbd2 Bf8 16. Nc4 Be4 17. Qd2 Nb6 18. Rac1 Nxc4 19. Rxc4 a5 20. Ba3 Bd5 {0-1 (43) Gevorgyan,D (2335)-Romanov,E (2619) St Petersburg 2016}) 12... Nbd7 {[%emt 0:00:24]} 13. Nh4 {[%emt 0:00:17]} Nb6 {[%emt 0:00:36]} 14. Nf5 {[%emt 0:00:43]} Qd7 {[%emt 0:00:55]} 15. Bg5 {[%emt 0:02:00]} Bd8 {[%emt 0:02:17]} 16. Rac1 {[%emt 0:01:57]} d4 {[%emt 0:00:11]} 17. Bxb7 {[%emt 0:00:43]} Qxb7 {[%emt 0:00:04]} 18. Bxf6 {[%emt 0:00:28]} Bxf6 {[%emt 0:00:39]} 19. Ne4 {[%emt 0:00:03]} Be7 {[%emt 0:00:44]} 20. Nxc5 {[%emt 0:00:05]} Bxc5 {[%emt 0:00:05]} 21. Qxc5 {[%emt 0:00:19]} Qe4 {[%emt 0:00:07]} 22. Qc2 {[%emt 0:01:31]} Qe5 {[%emt 0:00:39]} 23. Nxd4 {[%emt 0:00:12]} Rac8 {[%emt 0:00:05]} 24. Qd2 {[%emt 0:00:28]} Rxc1 {[%emt 0:00:22]} 25. Rxc1 {[%emt 0:00:09]} Rd8 {[%emt 0:00:07]} 26. e3 {[%emt 0:00:01]} h5 {[%emt 0:00:16]} 27. Qc2 $18 {[%emt 0:00:22]} Rc8 {[%emt 0:00:17]} 28. Qd1 {[%emt 0:00:26]} Rd8 {[%emt 0:00:02]} 29. h4 {[%emt 0:00:09]} Qa5 {[%emt 0:00:19]} 30. Qe2 {[%emt 0:00:09]} Qa3 {[%emt 0:00:23]} 31. Rd1 {[%emt 0:00:01]} g6 {[%emt 0:00:05]} 32. Kg2 {[%emt 0:00:00]} Kg7 {[%emt 0:00:08]} 33. Nb5 {[%emt 0:00:05]} Qe7 {[%emt 0:00:05]} 34. Qb2+ {[%emt 0:00:05]} Kh7 {[%emt 0:00:00]} 35. Rxd8 {[%emt 0:00:09]} Qxd8 {[%emt 0:00:02]} 36. Qd4 {[%emt 0:00:05]} Qa8+ {[%emt 0:00:05]} 37. Kg1 {[%emt 0:00:05]} Qf3 {[%emt 0:00:05]} 38. Nd6 {[%emt 0:00:05]} Nd7 {[%emt 0:00:05]} 39. Ne8 {[%emt 0:00:01]} 1-0

[Event "Red Bull Chess Masters 2018"]
[Site "Istanbul"]
[Date "2018.10.20"]
[Round "3.2"]
[White "Eren, Ataberk"]
[Black "Yeke, Serkan"]
[Result "1-0"]
[WhiteElo "2188"]
[BlackElo "2117"]
[Annotator "NA"]
[PlyCount "89"]
[EventDate "2018.10.19"]
[EventType "team-tourn"]
[EventCountry "TUR"]
[SourceTitle "playchess.com"]
[Source "ChessBase"]
[SourceQuality "1"]
[TimeControl "600+5"]

1. d4 {[%emt 0:00:05]} f5 {[%emt 0:00:09]} 2. c4 {[%emt 0:00:05]} Nf6 {[%emt 0:00:05]} 3. Nc3 {[%emt 0:00:00]} e6 {[%emt 0:00:06]} 4. g3 {[%emt 0:00:38]} d5 {[%emt 0:00:06]} 5. Bg2 {[%emt 0:00:10]} c6 {[%emt 0:00:01]} 6. Nf3 {[%emt 0:00:11]} Be7 {[%emt 0:00:20]} 7. O-O {[%emt 0:00:11]} O-O {[%emt 0:00:06]} 8. cxd5 {[%emt 0:00:49]} exd5 {[%emt 0:00:06]} 9. a3 {[%emt 0:00:03]} a5 {[%emt 0:00:21]} 10. Bf4 {[%emt 0:00:10]} Nbd7 {[%emt 0:00:39]} 11. Rc1 {[%emt 0:00:03]} Ne4 {[%emt 0:00:36]} 12. Qb3 {[%emt 0:01:19]} Kh8 {[%emt 0:00:32]} 13. Nxe4 {[%emt 0:01:13]} fxe4 {[%emt 0:00:17]} 14. Ne5 {[%emt 0:00:02]} a4 {[%emt 0:00:28]} 15. Qc2 {[%emt 0:00:11]} Nf6 {[%emt 0:01:42]} 16. f3 {[%emt 0:00:14]} exf3 {[%emt 0:00:08]} 17. exf3 {[%emt 0:00:29]} Nh5 {[%emt 0:00:05]} 18. Be3 {[%emt 0:00:00]} Bd6 {[%emt 0:01:32]} 19. Qd2 {[%emt 0:00:14]} Qa5 {[%emt 0:00:21]} 20. Qf2 {[%emt 0:01:19]} Be6 {[%emt 0:00:12]} 21. Rce1 {[%emt 0:00:33]} Rae8 {[%emt 0:00:06]} 22. Bd2 {[%emt 0:00:21]} Qb5 {[%emt 0:00:09]} 23. Bc3 {[%emt 0:00:02]} Kg8 {[%emt 0:00:23]} 24. Re2 {[%emt 0:00:21]} Nf6 {[%emt 0:00:05]} 25. Qe1 {[%emt 0:00:13]} Bc8 {[%emt 0:00:15]} 26. Rff2 {[%emt 0:00:05]} Re7 {[%emt 0:00:33]} 27. Bf1 {[%emt 0:00:12]} Qb6 {[%emt 0:00:13]} 28. Kg2 {[%emt 0:00:31]} Rfe8 {[%emt 0:00:05]} 29. Re3 {[%emt 0:00:12]} c5 {[%emt 0:00:10]} 30. Qd2 {[%emt 0:00:57]} c4 {[%emt 0:00:47]} 31. Rfe2 {[%emt 0:00:12]} Qc7 {[%emt 0:00:28]} 32. Bb4 {[%emt 0:00:30]} b5 {[%emt 0:00:12]} 33. Kg1 {[%emt 0:00:15]} Bf5 {[%emt 0:00:05]} 34. Bg2 {[%emt 0:00:00]} Bc8 {[%emt 0:00:46]} 35. g4 {[%emt 0:00:16]} Bb7 {[%emt 0:00:05]} 36. Bxd6 {[%emt 0:00:05]} Qxd6 {[%emt 0:00:06]} 37. Qa5 {[%emt 0:00:31]} Qa6 {[%emt 0:00:20]} 38. Qe1 {[%emt 0:00:06]} Qb6 {[%emt 0:00:21]} 39. Qd2 {[%emt 0:00:11]} Ba8 {[%emt 0:00:05]} 40. Kh1 {[%emt 0:00:06]} b4 {[%emt 0:00:02]} 41. axb4 {[%emt 0:00:10]} Rb8 {[%emt 0:00:00]} 42. Nxc4 {[%emt 0:00:05]} Rxe3 {[%emt 0:00:12]} 43. Nxb6 {[%emt 0:00:03]} Rxe2 {[%emt 0:00:05]} 44. Qxe2 {[%emt 0:00:05]} Rxb6 {[%emt 0:00:00]} 45. g5 {[%emt 0:00:00]} 1-0

[Event "Red Bull Chess Masters 2018"]
[Site "Istanbul"]
[Date "2018.10.20"]
[Round "3.2"]
[White "Zor, Alber Kadir"]
[Black "Atas, Yunus"]
[Result "1-0"]
[WhiteElo "2167"]
[BlackElo "1921"]
[Annotator "NA"]
[PlyCount "71"]
[EventDate "2018.10.19"]
[EventType "team-tourn"]
[EventCountry "TUR"]
[SourceTitle "playchess.com"]
[Source "ChessBase"]
[SourceQuality "1"]
[TimeControl "600+5"]

1. d4 {[%emt 0:00:04]} Nf6 {[%emt 0:00:09]} 2. Nf3 {[%emt 0:00:03]} d5 {[%emt 0:00:15]} 3. Bf4 {[%emt 0:00:05]} Bf5 {[%emt 0:00:13]} 4. c4 {[%emt 0:00:28]} c6 {[%emt 0:00:05]} 5. Nc3 {[%emt 0:00:00]} dxc4 {[%emt 0:00:49]} 6. e3 {[%emt 0:02:12]} b5 {[%emt 0:00:13]} 7. Be2 {[%emt 0:00:05]} e6 {[%emt 0:00:05]} 8. O-O {[%emt 0:00:00]} Bd6 {[%emt 0:00:41]} 9. Bg5 {[%emt 0:00:28]} Nbd7 {[%emt 0:00:11]} 10. e4 {[%emt 0:00:06]} b4 {[%emt 0:01:22]} 11. exf5 {[%emt 0:00:28]} bxc3 {[%emt 0:00:05]} 12. fxe6 {[%emt 0:00:11]} fxe6 {[%emt 0:00:01]} 13. bxc3 {[%emt 0:00:01]} Nb6 {[%emt 0:00:22]} 14. Qe1 {[%emt 0:03:01]} Qe7 {[%emt 0:00:25]} 15. Ne5 {[%emt 0:00:04]} O-O {[%emt 0:00:52]} 16. h3 {[%emt 0:00:05]} c5 {[%emt 0:00:52]} 17. a4 {[%emt 0:00:53]} cxd4 {[%emt 0:00:10]} 18. cxd4 {[%emt 0:00:03]} Qc7 {[%emt 0:00:42]} 19. Nxc4 {[%emt 0:01:30]} Bf4 {[%emt 0:01:23]} 20. Bxf4 {[%emt 0:00:05]} Qxf4 {[%emt 0:00:00]} 21. Nxb6 {[%emt 0:00:45]} axb6 {[%emt 0:00:03]} 22. Bf3 {[%emt 0:00:08]} Rae8 {[%emt 0:00:11]} 23. Qd1 {[%emt 0:00:02]} Rd8 {[%emt 0:00:22]} 24. Qb3 {[%emt 0:00:11]} Rd6 {[%emt 0:00:05]} 25. Rad1 {[%emt 0:00:05]} Rfd8 {[%emt 0:00:08]} 26. Rfe1 {[%emt 0:00:02]} Kf7 {[%emt 0:00:33]} 27. Re5 {[%emt 0:00:30]} Rc8 {[%emt 0:00:38]} 28. g3 {[%emt 0:00:06]} Qxe5 {[%emt 0:00:31]} 29. dxe5 {[%emt 0:00:05]} Rxd1+ {[%emt 0:00:05]} 30. Bxd1 {[%emt 0:00:05]} Nd5 {[%emt 0:00:05]} 31. Bf3 {[%emt 0:00:02]} Rc3 {[%emt 0:00:23]} 32. Bxd5 {[%emt 0:00:05]} Rxb3 {[%emt 0:00:05]} 33. Bxb3 {[%emt 0:00:00]} Ke7 {[%emt 0:00:13]} 34. f4 {[%emt 0:00:04]} Kd7 {[%emt 0:00:05]} 35. Kf2 {[%emt 0:00:05]} Ke7 {[%emt 0:00:05]} 36. Ke3 {[%emt 0:00:00]} 1-0

[Event "Red Bull Chess Masters 2018"]
[Site "Istanbul"]
[Date "2018.10.20"]
[Round "3.2"]
[White "Ozdover, Mustafa Berkay"]
[Black "Tarlabasi, Emirhan"]
[Result "1-0"]
[WhiteElo "2120"]
[BlackElo "2264"]
[Annotator "NA"]
[PlyCount "71"]
[EventDate "2018.10.19"]
[EventType "team-tourn"]
[EventCountry "TUR"]
[SourceTitle "playchess.com"]
[Source "ChessBase"]
[SourceQuality "1"]
[TimeControl "600+5"]

1. d4 {[%emt 0:00:05]} d5 {[%emt 0:00:05]} 2. c4 {[%emt 0:00:07]} e6 {[%emt 0:00:05]} 3. e3 {[%emt 0:00:05]} Nf6 {[%emt 0:00:00]} 4. Nf3 {[%emt 0:00:11]} Be7 {[%emt 0:00:00]} 5. g4 {[%emt 0:01:32]} b6 {[%emt 0:01:27]} 6. Nc3 {[%emt 0:00:17]} Bb7 {[%emt 0:00:07]} 7. g5 {[%emt 0:00:31]} Ne4 {[%emt 0:00:41]} 8. cxd5 {[%emt 0:00:33]} Nxc3 {[%emt 0:00:48]} 9. bxc3 {[%emt 0:00:02]} Bxd5 {[%emt 0:00:52]} 10. Rg1 {[%emt 0:00:59]} Nd7 {[%emt 0:00:24]} 11. Be2 {[%emt 0:02:26]} a5 {[%emt 0:00:54]} 12. h4 {[%emt 0:00:14]} Ra7 {[%emt 0:00:57]} 13. c4 {[%emt 0:01:20]} Bb7 {[%emt 0:00:40]} 14. Bd2 {[%emt 0:01:28]} c5 $14 {[%emt 0:02:42]} ({Black should play} 14... O-O $11) 15. Bc3 {[%emt 0:00:19]} Rg8 {[%emt 0:00:59]} 16. d5 {[%emt 0:00:09]} exd5 {[%emt 0:00:19]} 17. cxd5 {[%emt 0:00:01]} Bd6 {[%emt 0:00:07]} 18. h5 {[%emt 0:00:48]} g6 {[%emt 0:00:14]} 19. Qd3 {[%emt 0:00:15]} Qe7 {[%emt 0:00:04]} 20. Nd2 {[%emt 0:00:09]} Ne5 {[%emt 0:00:13]} 21. Qe4 {[%emt 0:00:05]} Nd7 {[%emt 0:00:05]} 22. Nc4 {[%emt 0:00:05]} Bb8 {[%emt 0:00:00]} 23. Qxe7+ {[%emt 0:00:09]} Kxe7 {[%emt 0:00:01]} 24. Rb1 {[%emt 0:00:05]} Bxd5 {[%emt 0:00:05]} 25. Nxb6 {[%emt 0:00:05]} Nxb6 {[%emt 0:00:05]} 26. Rxb6 {[%emt 0:00:05]} Bc7 {[%emt 0:00:05]} 27. Bf6+ {[%emt 0:00:05]} Kd7 {[%emt 0:00:05]} 28. Bg4+ {[%emt 0:00:05]} Be6 {[%emt 0:00:05]} 29. Rb2 {[%emt 0:00:05]} Rb8 {[%emt 0:00:05]} 30. Rd2+ {[%emt 0:00:05]} Ke8 {[%emt 0:00:05]} 31. Bxe6 {[%emt 0:00:05]} fxe6 {[%emt 0:00:05]} 32. Ke2 {[%emt 0:00:05]} a4 {[%emt 0:00:06]} 33. hxg6 {[%emt 0:00:00]} hxg6 {[%emt 0:00:05]} 34. Rh1 {[%emt 0:00:01]} Ba5 {[%emt 0:00:05]} 35. Rh8+ {[%emt 0:00:05]} Kf7 {[%emt 0:00:05]} 36. Rxb8 {[%emt 0:00:00]} 1-0

[Event "Red Bull Chess Masters 2018"]
[Site "Istanbul"]
[Date "2018.10.20"]
[Round "3.2"]
[White "Erdogan, Anil Berk"]
[Black "Yucesoy, Atil"]
[Result "1-0"]
[WhiteElo "2116"]
[BlackElo "1685"]
[Annotator "NA"]
[PlyCount "87"]
[EventDate "2018.10.19"]
[EventType "team-tourn"]
[EventCountry "TUR"]
[SourceTitle "playchess.com"]
[Source "ChessBase"]
[SourceQuality "1"]
[TimeControl "600+5"]

1. e4 {[%emt 0:00:05]} d5 {[%emt 0:00:05]} 2. exd5 {[%emt 0:00:05]} Qxd5 {[%emt 0:00:05]} 3. Nc3 {[%emt 0:00:05]} Qd6 {[%emt 0:00:04]} 4. d4 {[%emt 0:00:00]} Nf6 {[%emt 0:00:05]} 5. Nf3 {[%emt 0:00:00]} Bg4 {[%emt 0:00:05]} 6. h3 {[%emt 0:00:05]} Bh5 {[%emt 0:00:05]} 7. g4 {[%emt 0:00:05]} Bg6 {[%emt 0:00:05]} 8. Ne5 {[%emt 0:00:00]} Nbd7 {[%emt 0:00:19]} 9. Nc4 {[%emt 0:02:12]} Qe6+ {[%emt 0:00:28]} 10. Be3 {[%emt 0:00:25]} Nd5 {[%emt 0:03:14]} 11. Qd2 {[%emt 0:00:12]} N7f6 {[%emt 0:01:00]} 12. Ne5 {[%emt 0:00:43]} Ne4 {[%emt 0:01:21]} 13. Nxe4 {[%emt 0:01:21]} Bxe4 {[%emt 0:00:02]} 14. f3 {[%emt 0:00:59]} Bxf3 {[%emt 0:00:36]} 15. Bb5+ {[%emt 0:01:17]} c6 {[%emt 0:00:14]} 16. O-O {[%emt 0:00:15]} f6 {[%emt 0:01:16]} 17. Rxf3 {[%emt 0:00:43]} fxe5 {[%emt 0:00:11]} 18. Bf1 {[%emt 0:00:49]} e4 {[%emt 0:00:31]} 19. Rf2 {[%emt 0:00:16]} O-O-O {[%emt 0:00:05]} 20. c4 {[%emt 0:00:12]} Nxe3 {[%emt 0:00:05]} 21. Qxe3 {[%emt 0:00:06]} g6 {[%emt 0:00:08]} 22. d5 {[%emt 0:00:32]} cxd5 {[%emt 0:00:32]} 23. cxd5 {[%emt 0:00:02]} Qb6 {[%emt 0:00:23]} 24. Qc3+ {[%emt 0:00:01]} Kd7 {[%emt 0:00:44]} 25. Qxh8 {[%emt 0:00:16]} Bh6 {[%emt 0:00:05]} 26. Qe5 {[%emt 0:00:09]} Be3 {[%emt 0:00:06]} 27. Qe6+ {[%emt 0:00:05]} Qxe6 {[%emt 0:00:03]} 28. dxe6+ {[%emt 0:00:05]} Kxe6 {[%emt 0:00:05]} 29. Bc4+ {[%emt 0:00:05]} Ke5 {[%emt 0:00:05]} 30. Re1 {[%emt 0:00:19]} Bxf2+ {[%emt 0:00:13]} 31. Kxf2 {[%emt 0:00:05]} Kf4 {[%emt 0:00:05]} 32. Ke2 {[%emt 0:00:05]} Rc8 {[%emt 0:00:05]} 33. Bb3 {[%emt 0:00:05]} Kg3 {[%emt 0:00:05]} 34. Ke3 {[%emt 0:00:05]} Kxh3 {[%emt 0:00:05]} 35. Rh1+ {[%emt 0:00:05]} Kg3 {[%emt 0:00:05]} 36. Rxh7 {[%emt 0:00:05]} Rc7 {[%emt 0:00:07]} 37. Rg7 {[%emt 0:00:13]} Kxg4 {[%emt 0:00:05]} 38. Rxg6+ {[%emt 0:00:05]} Kf5 {[%emt 0:00:05]} 39. Re6 {[%emt 0:00:00]} Rc1 {[%emt 0:00:00]} 40. Rxe7 {[%emt 0:00:05]} Re1+ {[%emt 0:00:07]} 41. Kf2 {[%emt 0:00:03]} Rb1 {[%emt 0:00:05]} 42. Rxb7 {[%emt 0:00:05]} Rxb2+ {[%emt 0:00:05]} 43. Ke3 {[%emt 0:00:01]} a6 {[%emt 0:00:05]} 44. Be6+ {[%emt 0:00:01]} 1-0